01365na a2200325 450000100060000000300080000600500170001400800410003102000190007203500100009104000250010104100080012608200420013410000260017624501250020224600570032724600300038426000400041430000320045450000350048650000820052160001190060360000740072261000420079661000550083865000340089370000250092774000570095274000300100923981MIRAKIL20181213155326.0180219b tu 000 0  a99786059905152 a18142 aMilasbturcTR-AnCHP atur aCHP 923.2 İmamoğlu, E.bK44e 2016 aKılıç, Ş. Emine aEkrem İmamoğlubBenim sevgili başkanımbSıradışı bir başarı ve liderlik öyküsücŞ. Mine Kılıç aSıradışı bir başarı ve liderlik öyküsü aBenim sevgili başkanım aİstanbulbHümanist Kitapc20016 a206 s.brnkl. fotg.c22 sm. aYapıt yazaından imzalıdır. aCHP Genel Başkan Yardımcısı Yasemin Öney Cankurtaran bağışıdır. aİmamoğlu, EkremcCHP Beylikdüzü Belediye BaşkanıxSiyasal ve sosyal görüşleryYaşamöyküsü aİmamoğlu, EkremcCHP Beylikdüzü Belediye BaşkanıxLiderlik aCHPxBelediye başkanlarıyLiderlik aCHPxYerel yönetimleryBeylikdüzü Belediyesi aYerel yönetimlerzTürkiye aKılıç, Ş. Mine aSıradışı bir başarı ve liderlik öyküsü aBenim sevgili başkanım